Telugu Vowels on Letters - Statistics

General Stats
  • This quiz has been taken 20 times
  • The average score is 13 of 62
Answer Stats
Hint Answer % Correct
ga
47%
కౌ kau
40%
గా
33%
గీ
33%
గొ go
33%
కె ke
33%
కు ku
33%
ra
33%
రౌ rau
33%
గి gi
27%
గృ gru/gri
27%
క్ k
27%
కే
27%
కి ki
27%
కొ ko
27%
కృ kru/kri
27%
లా
27%
లౌ lau
27%
లె le
27%
లే
27%
లి li
27%
లు lu
27%
ర్ r
27%
రీ
27%
గం gam/gan
20%
గౌ gau
20%
గె ge
20%
గో
20%
గు gu
20%
గూ
20%
కై kai
20%
కం kam/kan
20%
కీ
20%
కో
20%
la
20%
లై lai
20%
లీ
20%
లూ
20%
రా
20%
రె re
20%
రే
20%
రి ri
20%
గః gaha
13%
గై gai
13%
గే
13%
ka
13%
కా
13%
కః kaha
13%
కూ
13%
లః laha
13%
లం lam/lan
13%
లొ lo
13%
లో
13%
లృ lru/lri
13%
రః raha
13%
రై rai
13%
రో
13%
రృ rru/rri
13%
రూ
13%
రం ram/ran
7%
రొ ro
7%
రు ru
7%
No matching quizzes found
Score Distribution
Percent of People with Each Score
Percentile by Number Answered
Your Score History
You have not taken this quiz